Corporate governance (Record no. 186717)
[ view plain ]
| 000 -LEADER | |
|---|---|
| fixed length control field | 01189nam a2200301Ia 4500 |
| 100 1# - MAIN ENTRY--AUTHOR NAME | |
| Personal name | Martin, David. |
| 245 10 - TITLE STATEMENT | |
| Title | Corporate governance |
| 260 ## - PUBLICATION, DISTRIBUTION, ETC. (IMPRINT) | |
| Place of publication | London : |
| Name of publisher | Thorogood, |
| Year of publication | c2006. |
| 300 ## - PHYSICAL DESCRIPTION | |
| Number of Pages | v, 135 p. |
| 490 1# - SERIES STATEMENT | |
| Series statement | Thorogood professional insights |
| 500 ## - GENERAL NOTE | |
| General note | At head of title: A specially commissioned report. |
| 650 #0 - SUBJECT ADDED ENTRY--TOPICAL TERM | |
| Topical Term | Corporate governance. |
| Topical Term | Disclosure in accounting. |
| 856 40 - ELECTRONIC LOCATION AND ACCESS | |
| Uniform Resource Identifier | http://site.ebrary.com/lib/rucke/Doc?id=10141070 |
No items available.
